|
|
|
|
| LEADER |
00000nab a2200000 a 4500 |
| 001 |
vtls010040316 |
| 003 |
SK-MaSNL |
| 005 |
20260304155444.0 |
| 008 |
250507c1973 xo mr|p|||||||000 b|slo |
| 015 |
|
|
|a SNBRB2010/01
|2 snkbucl
|
| 035 |
|
|
|a (uuid)505a3694-2a27-438e-9ef2-2b56ad13e769
|
| 035 |
|
|
|a urn:nbn:sk:snk-abc5i8
|
| 035 |
|
|
|a (urnnbn)urn:nbn:sk:snk:ar-000opp
|
| 038 |
|
|
|a SNKBUCL
|
| 040 |
|
|
|a SNKBUCL
|b slo
|c SNKBUCL
|e AACR2
|
| 041 |
0 |
|
|a slo
|
| 044 |
|
|
|a xo
|c SK
|
| 080 |
|
|
|a 025.3
|2 2001
|
| 100 |
1 |
|
|a Strohnerová, Ľudmila,
|d 1952-2006
|4 aut
|9 37890
|
| 245 |
1 |
0 |
|a Využívanie lístkov ústrednej katalogizácie
|c Ľudmila Fízeľová, Ján Haliena
|
| 650 |
0 |
7 |
|a ústredná katalogizácia
|2 snkbucl
|9 547905
|
| 700 |
1 |
|
|a Haliena, Ján,
|d 1928-2000
|4 aut
|9 171937
|
| 773 |
0 |
|
|t Čitateľ
|g Roč. 22, č. 6 (1973), s. 208-209
|
| 850 |
|
|
|a Slovenská národná knižnica
|
| 852 |
|
|
|a Slovenská národná knižnica
|
| 954 |
|
|
|a odborná, vedecká literatúra pôvodná (slovenská)
|2 lita
|
| 958 |
|
|
|a article15
|
| 958 |
|
|
|a OND
|
| 958 |
|
|
|a EUIPO
|
| 999 |
|
|
|c 2962467
|d 2964397
|